Things That Start With 'S' - Statistics

General Stats
  • This quiz has been taken 63 times
  • The average score is 14 of 16
Answer Stats
Picture Answer % Correct
Sheep
100%
Shoes
100%
Scorpion
98%
Shark
98%
Sword
98%
Sand
97%
Sun
97%
Skeleton
95%
Skunk
90%
Sailboat
86%
Sled
85%
Saudi Arabia
80%
Seattle
78%
S'mores
71%
Silverware
69%
Space
46%
No matching quizzes found
Score Distribution
Percent of People with Each Score
Percentile by Number Answered
Your Score History
You have not taken this quiz